000 01070nam a2200265Ia 4500
003 OSt
005 20221005103952.0
006 a|||||r|||| 00| 0
007 ta
008 221004b |||||||| |||| 00| 0 hin d
020 _a9788179171769 (hbk)
_cINR 450.00
024 _a66119
037 _bGV719, 09/03/2020, Vani Prakashan
_cTextual
040 _aCRL
_cCRL
_bhin
041 _2hin
_ahin
082 _aW81, 152N7
100 _aकोज़ोल, जोनाथन, ले.
245 0 _aक्रांति की बारह खड़ी
_b क्यूबा के साक्षरता अभियान दास्तान
246 _aKrāanti kī bārah khaड़ī: kyūbā ke sākṣharatā abhiyān dāstāna
260 _aदिल्ली
_bग्रंथ शिल्पी भारत
_c1997
300 _a203पृ0
_ccm.
650 _aक्रांति
942 _hW81, 152N7
_cTEXL
_2cc
999 _c1011401
_d1011401